Quality at the Core: A Multifaceted Analysis of Higher Education’s Impact on the Knowledge Economy
Salvato in:
| Autore principale: | |
|---|---|
| Altri autori: | , , , |
| Natura: | Capitolo di libro |
| Lingua: | inglese |
| Soggetti: | |
| Tags: |
Nessun Tag, puoi essere il primo ad aggiungerne!!
|
MARC
| LEADER | 00000naa a2200000 4500 | ||
|---|---|---|---|
| 001 | 0314644 | ||
| 005 | 20260130131208.9 | ||
| 041 | 0 | |a eng | |
| 044 | |a US | ||
| 245 | 1 | 0 | |a Quality at the Core: A Multifaceted Analysis of Higher Education’s Impact on the Knowledge Economy |c Lyeonov Serhiy, Anna Vorontsova, Yuriy Bilan, Artem Artiukhov, Marinko Skare |
| 610 | 2 | 0 | |a lekári |
| 610 | 2 | 0 | |a lekárstvo pracovné |
| 610 | 2 | 0 | |a lekárstvo |
| 610 | 2 | 0 | |a zamestnanci |
| 610 | 2 | 0 | |a zdravotníctvo |
| 610 | 2 | 0 | |a pracovníci mladí |
| 610 | 2 | 0 | |a pracovníci riadiaci |
| 610 | 2 | 0 | |a motivácia pracovná |
| 610 | 2 | 0 | |a manažment znalostný |
| 610 | 2 | 0 | |a riadenie |
| 100 | 1 | |a Serhiy, Lyeonov | |
| 700 | 1 | |a Vorontsova, Anna | |
| 700 | 1 | |a Bilan, Yuriy | |
| 700 | 1 | |a Artiukhov, Artem, 1983- | |
| 700 | 1 | |a Skare, Marinko | |